000 00296nam a22001337a 4500
008 170830b xxu||||| |||| 00| 0 eng d
020 _a187838801769179
041 _aeng
080 _a070
100 _a40
101 _aMED
245 _aFACULTY JOB SATISFATION
_cPATIT/ZA\
942 _2udc
_cBK
999 _c25620
_d25620